Vol. 2: E-M; Encyclopedia of Biological Chemistry

Dettagli Bibliografici
Parent link:Encyclopedia of Biological Chemistry/ под ред. W. J. Lennarza, M. D. Lane. Vol. 2: E-M.— , 2004.— 0-12-443710-9
Lingua:inglese
Pubblicazione: 2004
Soggetti:
Natura: Libro
KOHA link:https://koha.lib.tpu.ru/cgi-bin/koha/opac-detail.pl?biblionumber=108245

MARC

LEADER 00000nam2a2200000 4500
001 108245
005 20231031115554.0
010 |a 0124437125 
035 |a (RuTPU)RU\TPU\book\116845 
090 |a 108245 
100 |a 20070117d2004 km y0engy50 ba 
101 0 |a eng 
102 |a GB 
105 |a a f 000zy 
200 0 |a Vol. 2: E-M 
210 |d 2004 
215 |a 781p.  |c il. 
461 1 |0 (RuTPU)RU\TPU\book\127395  |y 0-12-443710-9  |t Encyclopedia of Biological Chemistry  |f под ред. W. J. Lennarza, M. D. Lane  |v Vol. 2: E-M  |d 2004 
610 1 |a биология 
610 1 |a химия 
610 1 |a биохимия 
610 1 |a биологическая химия 
610 1 |a белки 
610 1 |a ферменты 
610 1 |a витамины 
610 1 |a липиды 
610 1 |a строение 
610 1 |a свойства 
610 1 |a энциклопедии 
610 1 |a английский язык 
675 |a 577.1(031)  |v 3 
801 1 |a RU  |b 63413507  |c 20070117  |g PSBO 
801 2 |a RU  |b 63413507  |c 20070621  |g PSBO 
942 |c BK 
959 |a 2/20070117  |d 1  |e 37655,89  |f ЧЗИЛ:1